000 00518nam a2200193Ia 4500
005 20250508160730.0
008 008 250505s9999 xx 000 0 eng d
020 _a81-7371-017-1
037 _aTextual
040 _aFEDL
_beng
_cFEDL
041 _aeng
_2eng
084 _aB, ZAK
_qFEDL
100 _aAhluwalia B K Ed.
245 0 _aZakir Husain: A study
260 _aNew Delhi, India
_bSterling Publishing Pvt. Ltd.
_c1970
300 _a127p.
942 _cTEXL
_hB, ZAK
999 _c1366296
_d1366296